Liturgia de difuntos (Registro nro. 4472)

Detalles MARC
000 -CABECERA
Longitud fija campo de control 00896nam a2200289 i 4500
005 - • FECHA Y HORA DE LA ÚLTIMA TRANSACCIÓN
Fecha y hora de la última transacción 20260224165341.0
007 - • CAMPO FIJO DE DESCRIPCIÓN FÍSICA
Campo fijo de descripción física ta
008 - • CÓDIGOS DE INFORMACIÓN DE LONGITUD FIJA
Códigos de información de longitud fija 160601s2003 ck a gs 000 f spa d
020 ## - • NÚMERO INTERNACIONAL NORMALIZADO PARA LIBROS
Número Internacional Normalizado para Libros (ISBN) 9587040309
020 ## - • NÚMERO INTERNACIONAL NORMALIZADO PARA LIBROS
Número Internacional Normalizado para Libros (ISBN) 9789587040302
040 ## - FUENTE DE LA CATALOGACIÓN
Centro catalogador de origen CO-BoRNBP
Lengua de catalogación spa
Centro transcriptor CO-BoRNBP
Normas de descripción rda
084 ## - • Clasificación Local Alfanúmerica PNLB
Número de clasificación N TOL2
100 1# - • PUNTO DE ACCESO PRINCIPAL-NOMBRE DE PERSONA
Nombre de persona Toledo Zamora, Fernando
Fechas asociadas al nombre 1948-2014
Término indicativo de función autor
245 10 - • TITULO PROPIAMENTE DICHO
Título Liturgia de difuntos
Mención de responsabilidad, etc. Fernando Toledo Zamora
250 ## - • MENCIÓN DE EDICIÓN
Mención de edición Primera reimpresión
264 #1 - PRODUCCIÓN, PUBLICACIÓN , DISTRIBUCIÓN, FABRICACIÓN Y COPYRIGHT
Lugar de producción, publicación, distribución, fabricación Bogotá
Nombre del productor, editor, distribuidor, fabricante Alfaguara
Fecha de de producción, publicación, distribución, fabricación o copyright 2003
300 ## - • DESCRIPCIÓN FÍSICA
Extensión 222 páginas
Dimensiones 24 cm
336 ## - TIPO DE CONTENIDO
Término de tipo de contenido texto
Código de tipo de contenido txt
Fuente rdacontent
337 ## - TIPO DE MEDIO
Nombre del tipo de medio sin mediación
Código del tipo de medio n
Fuente rdamedia
338 ## - TIPO DE SOPORTE
Nombre del tipo de soporte volumen
Código del tipo de soporte nc
Fuente rdacarrier
650 14 - • PUNTO DE ACCESO ADICIONAL DE MATERIA - TÉRMINO DE MATERIA
Término de materia o nombre geográfico como elemento inicial Novela colombiana
Subdivisión cronológica Siglo XX
Fuente del encabezamiento o término LEMB
650 14 - • PUNTO DE ACCESO ADICIONAL DE MATERIA - TÉRMINO DE MATERIA
Término de materia o nombre geográfico como elemento inicial Literatura colombiana
Subdivisión cronológica Siglo XX
Fuente del encabezamiento o término LEMB
650 14 - • PUNTO DE ACCESO ADICIONAL DE MATERIA - TÉRMINO DE MATERIA
Término de materia o nombre geográfico como elemento inicial Inquisición
Subdivisión de forma Novela
Fuente del encabezamiento o término LEMB
650 14 - • PUNTO DE ACCESO ADICIONAL DE MATERIA - TÉRMINO DE MATERIA
Término de materia o nombre geográfico como elemento inicial Sefarditas
Subdivisión de forma Novela
Fuente del encabezamiento o término LEMB
942 ## - ENTRADA DE ELEMENTOS AGREGADOS (KOHA)
Fuente de clasificaión o esquema
Koha [por defecto] tipo de item Libro Literatura
Existencias
Perdido Fuente de clasificación o esquema Estado Físico No para préstamo Forma de adquisición Localización permanente Localización actual Localización en estanterías Fecha adquisición Préstamos totales Signatura completa Código de barras Fecha última consulta Número de copia Fecha del precio de reemplazo Tipo de item de Koha
  Dewey Decimal Classification     Colección General Biblioteca Pública Cumaral - Alvaro Garzon Torres Biblioteca Pública Cumaral - Alvaro Garzon Torres Literatura 07/10/2024   NTOL2 CUM00927 07/10/2024 Ej.1 07/10/2024 Libro Literatura
  Dewey Decimal Classification     Colección General Biblioteca Pública Dorado Biblioteca Pública Dorado Literatura 02/21/2023   NTOL2 DOR01805 02/21/2023 Ej.1 02/21/2023 Libro Literatura
  Dewey Decimal Classification     Colección General Biblioteca Pública José Eustasio Rivera - San Martin Biblioteca Pública José Eustasio Rivera - San Martin Literatura 05/30/2023   N TOL2 SM001668 05/30/2023 Ej.1 05/30/2023 Libro Literatura
  Dewey Decimal Classification     Colección General Biblioteca Pública Puerto López - Jorge Eliecer Gaitán Biblioteca Pública Puerto López - Jorge Eliecer Gaitán General 09/25/2025   N TOL2 PLZ04016 09/25/2025 Ej.1 09/25/2025 Libro Literatura
  Dewey Decimal Classification     Colección General Biblioteca Pública Barranca de Upia - María Dolores Herrera Biblioteca Pública Barranca de Upia - María Dolores Herrera Literatura 09/19/2023   N TOL2 BUP00444 09/19/2023 Ej.1 09/19/2023 Libro Literatura
  Dewey Decimal Classification     Colección General Biblioteca Pública Cabuyaro Biblioteca Pública Cabuyaro Literatura 07/05/2023   NTOL2 CAB000484 07/05/2023 Ej.1 07/05/2023 Libro Literatura
  Dewey Decimal Classification     Sala General Biblioteca Pública Mapiripan Biblioteca Pública Mapiripan Literatura 01/15/2024   N TOL2 MAP00001960 01/15/2024 Ej.1 01/15/2024 Libro Literatura
  Clasificación Local Facetada     Literatura General Biblioteca Pública San Juanito - Ernesto Maria Peña Romero Biblioteca Pública San Juanito - Ernesto Maria Peña Romero Literatura 02/24/2026   N TOL2 SJU02780 02/24/2026 Ej.1 02/24/2026 Libro Literatura
  Dewey Decimal Classification     Colección General Biblioteca Pública Uribe - Reinerio Arenas Biblioteca Pública Uribe - Reinerio Arenas Literatura 12/13/2024   N TOL2 URI01867 12/13/2024 Ej.1 12/13/2024 Libro Literatura









Instituto Departamental de Cultura del Meta - Red Departamental de Bibliotecas Públicas del Meta.